Faut-il jeter l’évaluation annuelle à la poubelle ? (notice n° 2073739)

détails MARC
000 -LEADER
fixed length control field 02092cam a2200169 4500500
005 - DATE AND TIME OF LATEST TRANSACTION
control field 20260405004114.0
041 ## - LANGUAGE CODE
Language code of text/sound track or separate title fre
042 ## - AUTHENTICATION CODE
Authentication code dc
100 10 - MAIN ENTRY--PERSONAL NAME
Personal name Venne, Jean-François
Relator term author
245 00 - TITLE STATEMENT
Title Faut-il jeter l’évaluation annuelle à la poubelle ?
260 ## - PUBLICATION, DISTRIBUTION, ETC.
Date of publication, distribution, etc. 2026.<br/>
500 ## - GENERAL NOTE
General note 36
520 ## - SUMMARY, ETC.
Summary, etc. L'article examine les tensions entre l’éducation autodirigée des écoles démocratiques en Fédération Wallonie-Bruxelles (FW-B) et le cadre législatif encadrant l’enseignement à domicile auxquelles les familles sont soumises. Ces établissements pratiquent l'éducation autodirigée, mais les contrôles de la FW-B suscitent des inquiétudes chez les parents quant à l'acquisition des compétences de l’enfant, car ils peuvent mener à sa réintégration dans le système traditionnel. Basée sur des entretiens semi-directifs avec des porteurs de projet de quatre écoles démocratiques, l'étude analyse les stratégies mises en œuvre par les écoles et les familles pour concilier valeurs éducatives et exigences législatives et révèle l'instabilité de ces établissements face aux attentes des parents.
520 ## - SUMMARY, ETC.
Summary, etc. This article explores the tension between self-directed education in democratic schools in the Wallonia-Brussels Federation (FW-B) and the legislative framework governing homeschooling, which families are required to follow. Although these schools promote self-directed learning, FW-B monitoring raises concerns among parents regarding their children’s skill acquisition, sometimes prompting reintegration into the traditional school system. Drawing on semi-structured interviews with project leaders from four democratic schools, the study examines the strategies developed jointly by schools and families to reconcile educational values with legislative requirements, while also highlighting the instability of these schools when confronted with parental expectations.
786 0# - DATA SOURCE ENTRY
Note Gestion | - | 1 | 2026-03-11 | p. 20-23 | 0701-0028
856 41 - ELECTRONIC LOCATION AND ACCESS
Uniform Resource Identifier <a href="https://shs.cairn.info/revue-gestion-2026-1-page-20?lang=fr&redirect-ssocas=7080">https://shs.cairn.info/revue-gestion-2026-1-page-20?lang=fr&redirect-ssocas=7080</a>

Pas d'exemplaire disponible.

PLUDOC

PLUDOC est la plateforme unique et centralisée de gestion des bibliothèques physiques et numériques de Guinée administré par le CEDUST. Elle est la plus grande base de données de ressources documentaires pour les Étudiants, Enseignants chercheurs et Chercheurs de Guinée.

Adresse

627 919 101/664 919 101

25 boulevard du commerce
Kaloum, Conakry, Guinée

Réseaux sociaux

Powered by Netsen Group @ 2025